Welcome to CU Library Online Public Access Catalogue (OPAC)

Finite mathematics & its applications / (Record no. 460)

MARC details
000 -LEADER
fixed length control field 00883cam a2200253 a 4500
001 - CONTROL NUMBER
control field 12854983
005 - DATE AND TIME OF LATEST TRANSACTION
control field 20241031133415.0
008 - FIXED-LENGTH DATA ELEMENTS--GENERAL INFORMATION
fixed length control field 020715s2004 njua 001 0 eng
020 ## - INTERNATIONAL STANDARD BOOK NUMBER
International Standard Book Number 0130466204
050 00 - LIBRARY OF CONGRESS CALL NUMBER
Classification number QA39.2
Item number .G643
082 00 - DEWEY DECIMAL CLASSIFICATION NUMBER
Classification number 510
Edition information 21
100 1# - MAIN ENTRY--PERSONAL NAME
Personal name Goldstein, Larry Joel.
245 10 - TITLE STATEMENT
Title Finite mathematics & its applications /
Statement of responsibility, etc. Larry J. Goldstein, David I. Schneider, Martha J. Siegel.
250 ## - EDITION STATEMENT
Edition statement 8th ed.
260 ## - PUBLICATION, DISTRIBUTION, ETC.
Place of publication, distribution, etc. Upper Saddle River, N.J. :
Name of publisher, distributor, etc. Pearson Education,
Date of publication, distribution, etc. c2004.
300 ## - PHYSICAL DESCRIPTION
Extent xvi.679,59,5p.
Other physical details ill. ;
Dimensions 26 cm.
500 ## - GENERAL NOTE
General note Includes index.
650 #0 - SUBJECT ADDED ENTRY--TOPICAL TERM
Topical term or geographic name entry element Mathematics
Form subdivision Textbooks.
700 1# - ADDED ENTRY--PERSONAL NAME
Personal name Schneider, David I.
700 1# - ADDED ENTRY--PERSONAL NAME
Personal name Siegel, Martha J.
700 1# - ADDED ENTRY--PERSONAL NAME
Personal name Goldstein, Larry Joel.
Title of a work Finite mathematics and its applications.
856 41 - ELECTRONIC LOCATION AND ACCESS
Materials specified Table of contents only
Uniform Resource Identifier <a href="http://www.loc.gov/catdir/toc/fy1001/2002029303.html">http://www.loc.gov/catdir/toc/fy1001/2002029303.html</a>
942 ## - ADDED ENTRY ELEMENTS (KOHA)
Source of classification or shelving scheme Library of Congress Classification
Koha item type Books
Edition 8th Ed.
Suppress in OPAC No
999 ## -
-- 460
-- 460
Holdings
Withdrawn status Lost status Source of classification or shelving scheme Damaged status Not for loan Collection Home library Current library Shelving location Date acquired Total checkouts Full call number Barcode Date last seen Copy number Price effective from Koha item type
    Library of Congress Classification     Non-fiction Science Library (Miotso) Science Library (Miotso) General stacks 10/31/2024   QA39.2 .G643 GOL SLM00000259 10/31/2024 1 10/31/2024 Books
© 2023-2024 Copyright: Central University Libraries. All Rights Reserved | Created by: Mahone Tech Office